000 00557pam a2200217 a 4500
001 2315272
005 20180301083845.0
008 810922s1982 ctu b 001 0 eng
010 _a 81015971
020 _a0300027982
040 _aDLC
_cDLC
_dDLC
041 _aeng
080 _a808.00141 ROB
082 0 0 _a808.00141 ROB
_219
100 1 _a50
101 _aSOC
245 1 0 _aSemiotics and interpretation /
_cRobert Scholes.
504 _aBibliography: p. 151-155.
906 _a7
_bcbc
_corignew
_d1
_eocip
_f19
_gy-gencatlg
942 _2ddc
_cBK
999 _c43870
_d43870